En torno al libro universitario : un diálogo con sus autores / [por] Alejandro Aréchiga Janet

Guardat en:
Dades bibliogràfiques
Autor principal: Aréchiga Janet, Alejandro (autor)
Format: Llibre
Col·lecció:Biblioteca del editor
Matèries:
Etiquetes: Afegir etiqueta
Sense etiquetes, Sigues el primer a etiquetar aquest registre!

MARC

LEADER 00000nam^a2200000^u^4500
001 000535362
005 20250521000000.0
008 060220s1000^^^^^^^^^^^^r^^^^^000^0^spa^d
009 20260310131015.054
035 |a FMI 000000817 
037 |a Acervo Xavier Clavigero 
096 |a 8.7.2/15/C 
100 |a Aréchiga Janet, Alejandro  |e (autor) 
245 1 0 |a En torno al libro universitario : un diálogo con sus autores / [por] Alejandro Aréchiga Janet 
264 |a México : UNAM, 1988 
300 |a 146 p. 
336 |a texto  |b txt  |2 rdacontenido 
337 |a sin mediación  |b n  |2 rdamedio 
338 |a volumen  |b nc  |2 rdasoporte 
440 0 |a Biblioteca del editor 
649 |a XX 
650 |a COMUNICACION 
910 |a Fondo Francisco Migoya Covarrubias S.J. 
920 |a Impresos - Libros 
930 |a Fondos Especiales 
905 |a 134 
901 |a SBC12617  |b IT2  |c ESP  |u 20250521 
902 |a https://opac.biblio.iteso.mx/vufind/Record/000535362